000 00688nam a22002057a 4500
005 20251108164317.0
008 250721s1994 xx 000 0 ara d
082 1 4 _a418.02/ابر
100 1 _aإبراهيم، محمود
245 1 0 _aتعريب التعليم الجامعي :
_bبحوث في اللغة العربية و مشكلات تعريب العلوم /
264 1 _aعمان :
_bدار آفاق للنشر و التوزيع،
_c1994.
300 _a259ص
650 1 7 _aالترجمة
650 1 7 _aالتعليم العالي
650 1 7 _aالبلدان العربية
650 1 7 _aالكليات
650 1 7 _aالجامعات
942 _2ddc
_cBK
999 _c9002
_d9002